000 00736nam a2200193 4500
001 136281
003 ES-MaACL
005 20250925063041.0
007 t|
008 070214s1947 sp r ||||1| spa d
100 1 _aRumeu de Armas, Antonio,
_d1912-2006
_9100991
245 1 0 _aDon Alvaro de Bazán, primer marqués de Santa Cruz, en las Canarias /
_cpor Antonio Rumeu de Armas.
260 _aLa Laguna de Tenerife :
_b[s. n.],
_c1947.
300 _a14 p. :
_bil. ;
_c23 cm.
500 _aPrecede al tít.: Facultad de Filosofía y Letras de la Universidad de La Laguna.
710 2 _aUniversidad de La Laguna.
_bFacultad de Filosofía y Letras.
_97196
852 _aES-MaACL
_j1916-F-1
_bR.30634
999 _c136281
_d136281